000 00787nam a22002057a 4500
999 _c13469
_d13469
003 AR-CdUCM
008 190415b ||||| |||| 00| 0 spa d
040 _aMUNICIPALIDAD PROVINCIAL DEL CUSCO
_cBIBLIOTECA MUNICIPAL DEL CUSCO
082 _a353.6 /
_bF89
110 _aRepública peruana
_916280
245 _aLa fuerza armada y el proceso electoral de 1962 /
260 _aLima :
_bFuerza armada,
_c1963.
300 _a1 volumen ;
_c24 cm.
505 _aContenido: Análisis del instrumento legal: el estatuto -- Los organismos electorales. Actuación de los jurados departamentales y del jurado nacional de elecciones...
650 _aElecciones
_91677
650 _aPolítica y fuerzas armadas
_98329
650 _aJNE
_931367
942 _2ddc
_cLIBROS
945 _adavv
_d15/04/2019